Comentr̀ios ao novo Cd̤igo de Processo civil sob a perspectiva do processo do trabalho

Bibliographic Details
Main Author: Teixeira Filho, Manoel Antonio
Format: Book
Language:Portuguese
Published: Brasil LTR 2015
Subjects:
Online Access:Acceso restringido

MARC

LEADER 00000nam a22000007a 4500
005 20160510140836.0
007 cr|||| ||u|
008 160510s2015 bl ||||| |||| 00||0 por d
020 |a 978-85-361-8664-1 
035 |a 14204 
040 |a vLex  
090 |c 6069  |d 6069 
100 1 |a Teixeira Filho, Manoel Antonio  
245 |a Comentr̀ios ao novo Cd̤igo de Processo civil sob a perspectiva do processo do trabalho  |h [Recurso electrn̤ico] /  |c Manoel Antonio Teixeira Filho  
256 |a Servicio en ln̕ea 
260 |a Brasil  |b LTR  |c 2015 
300 |a 1 recurso electrn̤ico (1376 Pg̀inas)  
500 |a Lei n. 13.105, 16 de marȯ de 2015 
506 1 |a Contenido solo disponible en los productos indicados  |d vLex Global  |d vLex Global (Academic Edition, excluding Law Schools)  |d vLex Global (U.S. Academic Edition, Law Schools)  |d vLex Global (U.S. Academic Edition, excluding Law Schools)  |d vLex Global (Academic Edition, Law Schools) 
650 0 4 |a Derecho  |z Brasil 
740 0 |a vLex libros (servicio en ln̕ea)  
856 4 0 |u http://vlex.com/source/comentarios-novo-codigo-processo-civil-perspectiva-processo-trabalho-14204  |z Acceso restringido  
942 |c BOOK 
999 0 |a Law  |b Brasil